TV Transportation Workers Quiz Stats

 Plays Quiz Updated May 24, 2018

Challenge
Share
Tweet
Embed
Score 0/20 Timer 05:00
0 Plays Today
Character Show % Correct
Archie BunkerAll in the Family
84.9%
Cliff ClavinCheers
84.2%
Alex ReigerTaxi
79.6%
Doug HeffernanThe King of Queens
78%
Ralph KramdenThe Honeymooners
77.2%
Glenn QuagmireFamily Guy
73.7%
Merrill StubingThe Love Boat
73.5%
Otto MannThe Simpsons
70.2%
Jonas GrumbyGilligan's Island
69.9%
Joe HackettWings
64.5%
Character Show % Correct
Turanga LeelaFuturama
62.7%
KatoThe Green Hornet
50.6%
B.J. McKayB.J. and the Bear
50.2%
Joseph 'Rocky' Rockford The Rockford Files
50.1%
Theodore 'T.C.' CalvinMagnum, P.I.
38.5%
Malcolm 'Mal' ReynoldsFirefly
35.9%
Floyd SmootPetticoat Junction
26.2%
Ms. CrabtreeSouth Park
24%
Howard Borden The Bob Newhart Show
19.9%
Frank MartinTransporter: The Series
6.6%

You're not logged in!

Compare scores with friends on all Sporcle quizzes.
Join for Free
OR
Log In

You Might Also Like...

Show Comments

Extras

Top Quizzes Today


Score Distribution

Your Account Isn't Verified!

In order to create a playlist on Sporcle, you need to verify the email address you used during registration. Go to your Sporcle Settings to finish the process.

Report this User

Report this user for behavior that violates our Community Guidelines.

Details: